| Tag |
First Indicator |
Second Indicator |
Subfields |
| LEADER |
00000cam a2200000 4500 |
| 001 |
in00000049639 |
| 005 |
20151007073702.0 |
| 008 |
750701s1961 caua 00000 eng u |
| 010 |
|
|
|a 61016109
|
| 035 |
|
|
|a (OCoLC)01424672
|
| 035 |
|
|
|9 AAF0178AM
|
| 040 |
|
|
|c ORL
|d TXA
|d UtOrBLW
|
| 049 |
|
|
|a TXAM
|v 1 [336534]
|v 2 [336535]
|
| 050 |
0 |
0 |
|a TL297
|b .T69 1961
|
| 082 |
0 |
|
|a 629.226
|
| 092 |
|
|
|a 629.226
|b N969m, 1961
|
| 100 |
1 |
|
|a Nulsen, Robert Hovey.
|
| 245 |
1 |
4 |
|a The mobile home manual :
|b a complete mobile home and travel trailer how-to-do-it book.
|
| 250 |
|
|
|a [1st ed.
|
| 264 |
|
1 |
|a Beverly Hills, Calif. :
|b Trail-R-Club of America,
|c 1961]
|
| 300 |
|
|
|a 2 volumes :
|b illustrations ;
|c 22 cm.
|
| 336 |
|
|
|a text
|b txt
|2 rdacontent
|
| 337 |
|
|
|a unmediated
|b n
|2 rdamedia
|
| 338 |
|
|
|a volume
|b nc
|2 rdacarrier
|
| 500 |
|
|
|a Revision of the earlier work prepared by the Trail-R-Club of America.
|
| 650 |
|
0 |
|a Automobile trailers.
|
| 999 |
|
|
|a MARS
|
| 999 |
f |
f |
|s 643cc3b8-c215-3a8c-b225-85f88dbeed44
|i ea4a05f3-5604-3b33-a6c3-b3cd8df6ba44
|t 0
|
| 952 |
f |
f |
|p ric
|a Texas A&M University
|b Rellis Campus
|c Joint Library Facility
|d Remote Storage
|t 0
|e TL297 .T69 1961
|h Library of Congress classification
|i unmediated -- volume
|k v.2
|m A14801050584
|
| 952 |
f |
f |
|p ric
|a Texas A&M University
|b Rellis Campus
|c Joint Library Facility
|d Remote Storage
|t 0
|e TL297 .T69 1961
|h Library of Congress classification
|i unmediated -- volume
|k v.1
|m A14801050576
|
| 998 |
f |
f |
|a TL297 .T69 1961
|s v.1-v.2
|t 0
|l Remote Storage
|